Which leader is that - Statistics

General Stats
  • This quiz has been taken 18 times
  • The average score is 9 of 12
Answer Stats
Picture Hint Answer % Correct
Queen of England Queen Elizabeth
100%
Barack Obama
94%
1st president of America George Washington
94%
Father of India Mahatma gandhi
94%
American President John F. Kennedy
88%
Roman Julius Caesar
88%
UK Prime Minister Winston Churchill
81%
Leader of PRC Mao Zedong
69%
South African Leader Nelson Mandela
69%
Leader of Christians Pope Francis
69%
Alexander the great
44%
Civil Rights Leader Martin Luther King Junior
19%
No matching quizzes found
Score Distribution
Percent of People with Each Score
Percentile by Number Answered
Your Score History
You have not taken this quiz